| 000 | 00624nam a22001817a 4500 | ||
|---|---|---|---|
| 999 |
_c60902 _d60902 |
||
| 005 | 20231115151408.0 | ||
| 008 | 231115s1985 ru ||||| |||| 00| 0 rus d | ||
| 041 | _arus | ||
| 080 | _a130.2+81+128+930.1 Г-93 | ||
| 100 |
_aГумбольдт, В. _920401 |
||
| 245 |
_aЯзык и философия культуры / _cВильгельм фон Гумбольдт. |
||
| 264 |
_aМосква : _bПрогресс, _c1985. |
||
| 300 |
_a452 с. ; _b22 см. |
||
| 653 | _aფილოსოფია | ||
| 653 | _aკულტურა | ||
| 653 | _aანთროპოლოგია | ||
| 942 |
_2udc _cᲬᲘᲒᲜᲘ |
||